Statistics for Most Searched Holiday Destinations #2

Click here to take the quiz!

General Stats

  • This quiz has been taken 103 times
  • The average score is 107 of 150

Answer Stats

HintAnswer% Correct
Canada | Costa Rica | France | +4 othersUK
100%
Costa Rica | France | Paraguay | +2 othersSpain
99%
Jordan | New Zealand | Paraguay | VietnamUSA
99%
South KoreaChina
94%
France | Morocco | VietnamFrance
94%
France | PolandItaly
94%
Canada | Greenland | Indonesia | New ZealandAustralia
92%
FrancePortugal
92%
JordanGermany
91%
Croatia | France | Jordan | PolandGreece
91%
Indonesia | New Zealand | South Korea | VietnamJapan
91%
Greenland | MoroccoBrazil
88%
Morocco | PolandEgypt
88%
CanadaMexico
88%
Canada | Jordan | MoroccoIndia
87%
IndonesiaIndonesia
87%
Indonesia | New ZealandNew Zealand
87%
Costa Rica | Paraguay | Saudi ArabiaArgentina
85%
Canada | Croatia | France | +3 othersThailand
85%
Canada | Jordan | MoroccoCanada
83%
Indonesia | New Zealand | South Korea | VietnamVietnam
83%
Croatia | France | Jordan | +2 othersMorocco
82%
VietnamSouth Korea
82%
JordanSweden
82%
CanadaIreland
81%
GreenlandIceland
79%
KenyaSouth Africa
79%
France | Greenland | PolandCroatia
78%
PolandPoland
77%
Canada | Costa Rica | ParaguayCosta Rica
74%
Croatia | Indonesia | PolandTurkey
74%
New ZealandFiji
73%
Costa Rica | ParaguayChile
72%
Canada | Costa Rica | Croatia | +2 othersCuba
71%
Costa Rica | ParaguayColombia
69%
Saudi ArabiaPhilippines
69%
Indonesia | South Korea | VietnamSingapore
69%
South Korea | VietnamTaiwan
69%
MoroccoAlgeria
68%
JordanJordan
68%
Indonesia | Jordan | Morocco | +2 othersMalaysia
67%
Croatia | MoroccoTunisia
67%
Saudi ArabiaFinland
65%
VietnamCambodia
64%
Croatia | FranceMalta
62%
KenyaKenya
59%
Greenland | PolandCyprus
58%
South KoreaLaos
58%
CanadaJamaica
50%
Croatia | Indonesia | Kenya | VietnamMaldives
47%
KenyaTanzania
47%
JordanLebanon
46%
Saudi ArabiaQatar
46%
Kenya | PolandSeychelles
46%
ParaguayVenezuela
45%
Costa RicaEcuador
42%
Croatia | KenyaMauritius
41%
Indonesia | South KoreaHong Kong
37%
New ZealandSamoa
37%
Greenland | PolandBulgaria
35%
KenyaUganda
35%
Costa Rica | ParaguayNicaragua
33%
Costa RicaGuatemala
32%
New ZealandTonga
31%
GreenlandCape Verde
29%
CroatiaMontenegro
29%
KenyaEthiopia
28%
MoroccoGeorgia
27%
Saudi ArabiaHonduras
23%
Saudi ArabiaBhutan
21%
KenyaRwanda
19%
KenyaMali
18%
Saudi ArabiaIvory Coast
9%
Saudi ArabiaCuracao
4%

Score Distribution

Percentile by Number Answered

Percent of People with Each Score

Your Score History

You have not taken this quiz